[Event "LLO18/19"]
[Site "Mecklenburg-Vorpommern"]
[Date "2019.03.24"]
[Round "8.2"]
[White "Kilp, Gunnar"]
[Black "Stoevesand, Peter"]
[Result "0-1"]
[WhiteElo "1677"]
[BlackElo "1937"]
[PlyCount "140"]
[EventDate "2018.??.??"]
[EventType "team-tourn"]
[EventRounds "9"]
[EventCountry "GER"]
[WhiteTeam "SAV Torgelow II"]
[BlackTeam "SG Neubrandenburg"]
[WhiteTeamCountry "GER"]
[BlackTeamCountry "GER"]

1. d4 d5 2. Nf3 Nf6 3. Bf4 e6 4. e3 Nbd7 5. Nbd2 Be7 6. c4 O-O 7. Bd3 b6 8. O-O
Bb7 9. Qc2 c5 10. Rac1 Rc8 11. Qa4 a6 12. Ne5 dxc4 13. Qxc4 b5 14. Qc3 Nd5 15.
Qc2 Nxf4 16. exf4 c4 17. Be4 Bxe4 18. Qxe4 Nxe5 19. fxe5 Rc7 20. f4 Qa8 21. Qe3
Rd8 22. Nf3 Qa7 23. Kh1 Rcd7 24. Qe4 Qa8 25. Qe3 Rd5 26. Kg1 R8d7 27. h3 Bd8
28. Rc2 Qa7 29. Rd1 Bb6 30. Rcd2 Rd8 31. g4 Qd7 32. Kh2 a5 33. Qe4 Rc8 34. f5
c3 35. fxe6 fxe6 36. bxc3 Rxc3 37. Rd3 Rxd3 38. Rxd3 b4 39. h4 Qf7 40. Kg3 g6
41. Qe3 Kg7 42. Qc1 Qc7 43. Qf4 Qd8 44. Qc1 Bxd4 45. Rxd4 Rxd4 46. Nxd4 Qxd4
47. Qc7+ Kf8 48. Qxa5 h6 49. Kh3 Ke8 50. Kg3 Ke7 51. Kh3 Kf8 52. Kg3 g5 53.
hxg5 hxg5 54. Qa8+ Kg7 55. Qb7+ Kg6 56. Qb5 Qf4+ 57. Kh3 Qf3+ 58. Kh2 Qf2+ 59.
Kh3 Qh4+ 60. Kg2 Qxg4+ 61. Kf2 Qf4+ 62. Ke2 Kf5 63. Qe8 Qxe5+ 64. Kf2 Kg4 65.
Qa8 Qd5 66. Qa4 Qd2+ 67. Kf1 Kf3 68. Qa8+ Qd5 69. Qf8+ Kg3 70. Qxb4 Qd1+ 0-1

[Event "LLO18/19"]
[Site "Mecklenburg-Vorpommern"]
[Date "2019.03.24"]
[Round "8.4"]
[White "Schmidt, Paul1"]
[Black "Rossmann, Andreas"]
[Result "0-1"]
[WhiteElo "1704"]
[BlackElo "1920"]
[PlyCount "56"]
[EventDate "2018.??.??"]
[EventType "team-tourn"]
[EventRounds "9"]
[EventCountry "GER"]
[WhiteTeam "SAV Torgelow II"]
[BlackTeam "SG Neubrandenburg"]
[WhiteTeamCountry "GER"]
[BlackTeamCountry "GER"]

1. e4 c5 2. Nf3 Nc6 3. d4 cxd4 4. Nxd4 Nf6 5. Nc3 d6 6. Be3 e5 7. Nb3 Be7 8.
Qd2 Be6 9. O-O-O Ng4 10. Nd5 Nxe3 11. fxe3 Bg5 12. Bd3 O-O 13. Kb1 a5 14. Qf2
f5 15. Qe1 a4 16. Nd2 Bxd5 17. exd5 Nb4 18. Bc4 a3 19. Nf3 Na6 20. b3 Nc5 21.
Rf1 Bf6 22. Nd2 Qa5 23. Nf3 Qxe1 24. Rfxe1 Ne4 25. Rd3 Rfc8 26. Ka1 b5 27. Bxb5
Rxc2 28. Rdd1 Nc3 0-1

[Event "LLO18/19"]
[Site "Mecklenburg-Vorpommern"]
[Date "2019.03.24"]
[Round "8.5"]
[White "Baier, Karsten"]
[Black "Schmekel, Felix"]
[Result "1-0"]
[WhiteElo "1875"]
[BlackElo "1649"]
[PlyCount "93"]
[EventDate "2018.??.??"]
[EventType "team-tourn"]
[EventRounds "9"]
[EventCountry "GER"]
[WhiteTeam "SG Neubrandenburg"]
[BlackTeam "SAV Torgelow II"]
[WhiteTeamCountry "GER"]
[BlackTeamCountry "GER"]

1. d4 g6 2. c4 Bg7 3. Nc3 d6 4. e4 Nd7 5. f4 e5 6. fxe5 dxe5 7. d5 Nh6 8. Nf3
a6 9. Bd3 Qe7 10. Qe2 f6 11. O-O O-O 12. Kh1 a5 13. a3 Nc5 14. Bc2 Bg4 15. h3
Bxf3 16. Rxf3 Nf7 17. Be3 Ng5 18. Rf2 a4 19. Bxc5 Qxc5 20. h4 Nf7 21. Nxa4 Qe7
22. Raf1 Nh6 23. g3 f5 24. exf5 gxf5 25. Nc3 e4 26. Nxe4 fxe4 27. Bxe4 Rfe8 28.
Re1 Qe5 29. Qd3 Kh8 30. Rfe2 Rf8 31. Bxh7 Ng4 32. Kg2 Qd6 33. Bf5 Nf6 34. Re6
Qd8 35. Bg6 c6 36. d6 Ra5 37. b4 Ra4 38. c5 Qa8 39. Qf5 Rxa3 40. Rxf6 Ra2+ 41.
Kh3 Rxf6 42. Qh5+ Kg8 43. Re8+ Qxe8 44. Bxe8 Ra8 45. d7 Rf2 46. Qg5 Rf6 47. Qe5
1-0

[Event "LLO18/19"]
[Site "Mecklenburg-Vorpommern"]
[Date "2019.03.24"]
[Round "8.6"]
[White "Kasel, Alexander"]
[Black "Lichte, Martin"]
[Result "1-0"]
[WhiteElo "1608"]
[BlackElo "1870"]
[PlyCount "94"]
[EventDate "2018.??.??"]
[EventType "team-tourn"]
[EventRounds "9"]
[EventCountry "GER"]
[WhiteTeam "SAV Torgelow II"]
[BlackTeam "SG Neubrandenburg"]
[WhiteTeamCountry "GER"]
[BlackTeamCountry "GER"]

1. c4 Nf6 2. Nc3 d5 3. cxd5 Nxd5 4. g3 g6 5. Bg2 Nxc3 6. bxc3 Bg7 7. Nf3 O-O 8.
O-O c5 9. Rb1 Nc6 10. Qa4 Rb8 11. Ba3 c4 12. Rb2 Be6 13. Ng5 Bd7 14. Qxc4 Rc8
15. Qh4 h6 16. Ne4 b6 17. g4 g5 18. Qg3 Ne5 19. f4 Nc4 20. fxg5 Nxa3 21. gxh6
Bxh6 22. Qh4 Rc6 23. g5 Bg7 24. Rb3 Nc4 25. Nf6+ exf6 26. Bxc6 Nxd2 27. gxf6
Nxf1 28. Bxd7 Nd2 29. Bf5 Nf3+ 30. exf3 Qd1+ 31. Kg2 Qd2+ 32. Kh3 Bh6 33. Rb2
Qf4 34. Rg2+ Kh8 35. Be4 Qxh4+ 36. Kxh4 Rc8 37. Bd5 Rc7 38. Re2 Bf8 39. Re8 Kg8
40. c4 Rc5 41. Rb8 Rc7 42. Kg5 Rd7 43. a4 Rc7 44. h4 a5 45. Ra8 Rd7 46. h5 Kh7
47. Rxf8 Rxd5+ 1-0

[Event "LLO18/19"]
[Site "Mecklenburg-Vorpommern"]
[Date "2019.03.24"]
[Round "8.7"]
[White "Kunow, Frank"]
[Black "Schmekel, Matthias"]
[Result "1-0"]
[WhiteElo "1891"]
[BlackElo "1588"]
[PlyCount "83"]
[EventDate "2018.??.??"]
[EventType "team-tourn"]
[EventRounds "9"]
[EventCountry "GER"]
[WhiteTeam "SG Neubrandenburg"]
[BlackTeam "SAV Torgelow II"]
[WhiteTeamCountry "GER"]
[BlackTeamCountry "GER"]

1. Nf3 f5 2. c4 Nf6 3. g3 g6 4. Bg2 Bg7 5. O-O O-O 6. Nc3 d6 7. d3 Qe8 8. Rb1
a5 9. a3 a4 10. Nb5 Qd7 11. b3 c6 12. Nc3 axb3 13. Qxb3 Qc7 14. Na4 Nbd7 15.
Ng5 Nc5 16. Nxc5 dxc5 17. Be3 h6 18. Nf3 Nd7 19. d4 cxd4 20. c5+ Kh7 21. Nxd4
Nxc5 22. Qc4 Qd6 23. Nb5 cxb5 24. Qxc5 Qxc5 25. Bxc5 Ra5 26. Bxe7 Re8 27. Bb4
Ra6 28. e3 b6 29. Bc6 Re5 30. Rfd1 Be6 31. Bd6 Bc4 32. Bxe5 Bxe5 33. Bxb5 Bxb5
34. Rxb5 Bg7 35. Rd2 h5 36. h4 Rxa3 37. Rxb6 Ra8 38. Rdd6 f4 39. gxf4 Ra1+ 40.
Kg2 Ra2 41. Rxg6 Ra7 42. Rg5 1-0

[Event "LLO18/19"]
[Site "Mecklenburg-Vorpommern"]
[Date "2019.03.24"]
[Round "8.8"]
[White "Wolfgramm, Theo"]
[Black "Witkowski, Rainer"]
[Result "0-1"]
[WhiteElo "1648"]
[BlackElo "1819"]
[PlyCount "80"]
[EventDate "2018.??.??"]
[EventType "team-tourn"]
[EventRounds "9"]
[EventCountry "GER"]
[WhiteTeam "SAV Torgelow II"]
[BlackTeam "SG Neubrandenburg"]
[WhiteTeamCountry "GER"]
[BlackTeamCountry "GER"]

1. e4 e6 2. d4 d5 3. exd5 exd5 4. Bd3 Bd6 5. Be3 c6 6. Nd2 Qc7 7. Ngf3 Ne7 8.
c3 Bf5 9. Qc2 Bxd3 10. Qxd3 Nd7 11. O-O h6 12. Rfe1 g5 13. Nf1 O-O-O 14. Rac1
f5 15. b4 b5 16. a4 a6 17. axb5 cxb5 18. Ra1 Kb7 19. Re2 Rc8 20. Ra3 f4 21. Bc1
Rhf8 22. N3d2 Nb6 23. Nb3 Nc4 24. Na5+ Nxa5 25. Rxa5 Qxc3 26. Qxc3 Rxc3 27. Bd2
Rc6 28. h3 Nf5 29. Re6 Nxd4 30. Rxh6 Nb3 31. Ra2 Rf5 32. Rb2 Nxd2 33. Nxd2 Bc7
34. Rxc6 Kxc6 35. Nb3 Bb6 36. Ra2 Kb7 37. Re2 d4 38. Re7+ Kc6 39. Na5+ Bxa5 40.
bxa5 b4 0-1

[Event "LLO18/19"]
[Site "Mecklenburg-Vorpommern"]
[Date "2019.03.24"]
[Round "8.1"]
[White "Burwitz, Joerg"]
[Black "Ertel, Wolfhard"]
[Result "1/2-1/2"]
[WhiteElo "1727"]
[BlackElo "1820"]
[PlyCount "38"]
[EventDate "2018.??.??"]
[EventType "team-tourn"]
[EventRounds "9"]
[EventCountry "GER"]
[WhiteTeam "RUGIA Bergen"]
[BlackTeam "Seehotel Binz"]
[WhiteTeamCountry "GER"]
[BlackTeamCountry "GER"]

1. d4 g6 2. Nf3 Bg7 3. g3 Nf6 4. Bg2 O-O 5. O-O d5 6. c4 e6 7. cxd5 exd5 8. Nc3
c6 9. Bg5 Re8 10. e3 Nbd7 11. Rc1 Nf8 12. b4 a6 13. Qb3 Ne6 14. Bxf6 Bxf6 15.
a4 Qd6 16. a5 Ng7 17. Na4 Bf5 18. Nc5 Rab8 19. Na4 g5 1/2-1/2

[Event "LLO18/19"]
[Site "Mecklenburg-Vorpommern"]
[Date "2019.03.24"]
[Round "8.2"]
[White "Alder, Bodo"]
[Black "Pawlick, Helmut"]
[Result "1-0"]
[WhiteElo "1793"]
[BlackElo "1834"]
[PlyCount "81"]
[EventDate "2018.??.??"]
[EventType "team-tourn"]
[EventRounds "9"]
[EventCountry "GER"]
[WhiteTeam "Seehotel Binz"]
[BlackTeam "RUGIA Bergen"]
[WhiteTeamCountry "GER"]
[BlackTeamCountry "GER"]

1. Nf3 g6 2. e3 Bg7 3. d4 c5 4. c3 cxd4 5. exd4 Nf6 6. Be2 O-O 7. O-O Qc7 8.
Nbd2 d6 9. Re1 Re8 10. Nf1 a6 11. Ng3 b6 12. Bg5 Nbd7 13. Qd2 Bb7 14. Rad1 Rac8
15. h3 b5 16. Rc1 Qa5 17. c4 Qxd2 18. Nxd2 bxc4 19. Nxc4 h6 20. Bd2 Bd5 21. b3
h5 22. Bd3 Ra8 23. Bg5 Kf8 24. Bd2 Bxc4 25. bxc4 Rec8 26. Rb1 Rcb8 27. Rec1
Rxb1 28. Rxb1 Rb8 29. Rxb8+ Nxb8 30. Ne2 Nfd7 31. Be4 e6 32. Bb4 Ke7 33. c5
dxc5 34. dxc5 Kd8 35. Ba5+ Kc8 36. c6 Nc5 37. Bf3 e5 38. Nc3 f5 39. Bd5 e4 40.
Na4 Nxc6 41. Bxc6 1-0

[Event "LLO18/19"]
[Site "Mecklenburg-Vorpommern"]
[Date "2019.03.24"]
[Round "8.3"]
[White "Tabbert, Dirk"]
[Black "Fechner, Henrik"]
[Result "1/2-1/2"]
[WhiteElo "1649"]
[BlackElo "1767"]
[PlyCount "28"]
[EventDate "2018.??.??"]
[EventType "team-tourn"]
[EventRounds "9"]
[EventCountry "GER"]
[WhiteTeam "RUGIA Bergen"]
[BlackTeam "Seehotel Binz"]
[WhiteTeamCountry "GER"]
[BlackTeamCountry "GER"]

1. c4 Nf6 2. Nc3 e6 3. g3 d5 4. cxd5 exd5 5. d4 c6 6. Bg2 Bf5 7. Nf3 Bd6 8. O-O
O-O 9. Nh4 Bg4 10. h3 Bh5 11. Qb3 Qb6 12. Qxb6 axb6 13. g4 Bg6 14. Nxg6 hxg6
1/2-1/2

[Event "LLO18/19"]
[Site "Mecklenburg-Vorpommern"]
[Date "2019.03.24"]
[Round "8.4"]
[White "Horch, Helmut"]
[Black "Pawlowicz, Karsten"]
[Result "1-0"]
[WhiteElo "1760"]
[BlackElo "1635"]
[PlyCount "37"]
[EventDate "2018.??.??"]
[EventType "team-tourn"]
[EventRounds "9"]
[EventCountry "GER"]
[WhiteTeam "Seehotel Binz"]
[BlackTeam "RUGIA Bergen"]
[WhiteTeamCountry "GER"]
[BlackTeamCountry "GER"]

1. d4 d5 2. e3 e6 3. Nf3 Nf6 4. Nbd2 g6 5. Be2 Bg7 6. c4 dxc4 7. Nxc4 O-O 8.
O-O Nbd7 9. b3 a6 10. Ba3 Re8 11. Qc2 b5 12. Nce5 Nxe5 13. Nxe5 Bb7 14. Nc6
Bxc6 15. Qxc6 Nd5 16. Bf3 Bf8 17. Bxf8 Kxf8 18. Rfc1 Ra7 19. Qc5+ 1-0

[Event "LLO18/19"]
[Site "Mecklenburg-Vorpommern"]
[Date "2019.03.24"]
[Round "8.5"]
[White "Behrens, Christoph"]
[Black "Oergel, Ullrich"]
[Result "1/2-1/2"]
[WhiteElo "1621"]
[BlackElo "1738"]
[PlyCount "36"]
[EventDate "2018.??.??"]
[EventType "team-tourn"]
[EventRounds "9"]
[EventCountry "GER"]
[WhiteTeam "RUGIA Bergen"]
[BlackTeam "Seehotel Binz"]
[WhiteTeamCountry "GER"]
[BlackTeamCountry "GER"]

1. e4 e5 2. Nf3 Nf6 3. Nc3 d6 4. d3 Be7 5. Be2 O-O 6. O-O c5 7. a3 Nc6 8. b3
Bg4 9. Be3 Bxf3 10. Bxf3 Nd4 11. Bg5 h6 12. Bxf6 Bxf6 13. Nd5 g6 14. c3 Nxf3+
15. Qxf3 Bg7 16. c4 f5 17. Qe2 f4 18. Qg4 Kh7 1/2-1/2

[Event "LLO18/19"]
[Site "Mecklenburg-Vorpommern"]
[Date "2019.03.24"]
[Round "8.7"]
[White "Jepp, Wolfgang"]
[Black "Breitenfeldt, Ulrich"]
[Result "1/2-1/2"]
[WhiteElo "1574"]
[BlackElo "1422"]
[PlyCount "54"]
[EventDate "2018.??.??"]
[EventType "team-tourn"]
[EventRounds "9"]
[EventCountry "GER"]
[WhiteTeam "RUGIA Bergen"]
[BlackTeam "Seehotel Binz"]
[WhiteTeamCountry "GER"]
[BlackTeamCountry "GER"]

1. e4 c5 2. Nc3 Nc6 3. Nge2 e6 4. d4 cxd4 5. Nxd4 a6 6. Be2 Be7 7. O-O Nf6 8.
Nxc6 dxc6 9. Be3 Nd7 10. Qc1 Qc7 11. Rd1 b5 12. a3 O-O 13. b4 Bd6 14. f4 c5 15.
e5 Be7 16. Ne4 cxb4 17. Nd6 Nb6 18. axb4 Nd5 19. Bc5 Bd7 20. Bf3 Bc6 21. c4
bxc4 22. Qxc4 Nb6 23. Qe2 Rfb8 24. Bxc6 Qxc6 25. Rxa6 Rxa6 26. Qxa6 Qc7 27. Nb5
Bxc5+ 1/2-1/2

[Event "LLO18/19"]
[Site "Mecklenburg-Vorpommern"]
[Date "2019.03.24"]
[Round "8.8"]
[White "Schleef, Roberto"]
[Black "Feldt, Horst"]
[Result "1/2-1/2"]
[WhiteElo "1559"]
[BlackElo "1561"]
[PlyCount "43"]
[EventDate "2018.??.??"]
[EventType "team-tourn"]
[EventRounds "9"]
[EventCountry "GER"]
[WhiteTeam "Seehotel Binz"]
[BlackTeam "RUGIA Bergen"]
[WhiteTeamCountry "GER"]
[BlackTeamCountry "GER"]

1. c4 Nf6 2. Nf3 g6 3. Nc3 Bg7 4. d4 d6 5. e4 O-O 6. Be2 Re8 7. O-O Nbd7 8. b4
e5 9. d5 b6 10. a4 a5 11. bxa5 Rxa5 12. Bg5 h6 13. Bh4 Nc5 14. Nd2 g5 15. Bg3
Bd7 16. f3 Qa8 17. Nb5 Bxb5 18. axb5 Qa7 19. Rxa5 Qxa5 20. Be1 Qa3 21. Nb1 Qe3+
22. Bf2 {(nicht mehr entzifferbar - im 44.Zug R.)} 1/2-1/2

[Event "LLO18/19"]
[Site "Mecklenburg-Vorpommern"]
[Date "2019.03.24"]
[Round "8.1"]
[White "Morejko, Wojciech"]
[Black "Voelschow, Siegfried"]
[Result "1/2-1/2"]
[WhiteElo "1737"]
[BlackElo "1851"]
[PlyCount "35"]
[EventDate "2018.??.??"]
[EventType "team-tourn"]
[EventRounds "9"]
[EventCountry "GER"]
[WhiteTeam "Ribnitz-Damgarten"]
[BlackTeam "Waterkant Saal"]
[WhiteTeamCountry "GER"]
[BlackTeamCountry "GER"]

1. e4 d5 2. exd5 Qxd5 3. Nc3 Qa5 4. d4 c6 5. Nf3 Nf6 6. Bd2 Qc7 7. Bd3 Bg4 8.
h3 Bh5 9. Qe2 Nbd7 10. g4 Bg6 11. O-O-O e6 12. Kb1 Bxd3 13. Qxd3 O-O-O 14. Rhe1
Bd6 15. Ng5 Nb6 16. Nge4 Nxe4 17. Qxe4 Nd5 18. Nxd5 1/2-1/2

[Event "LLO18/19"]
[Site "Mecklenburg-Vorpommern"]
[Date "2019.03.24"]
[Round "8.2"]
[White "Schwarz, Eckhard"]
[Black "Eckermann, Klaus"]
[Result "1/2-1/2"]
[WhiteElo "1867"]
[BlackElo "1743"]
[PlyCount "27"]
[EventDate "2018.??.??"]
[EventType "team-tourn"]
[EventRounds "9"]
[EventCountry "GER"]
[WhiteTeam "Waterkant Saal"]
[BlackTeam "Ribnitz-Damgarten"]
[WhiteTeamCountry "GER"]
[BlackTeamCountry "GER"]

1. Nf3 Nf6 2. g3 g6 3. Bg2 Bg7 4. O-O O-O 5. c4 d6 6. d4 Nbd7 7. Nc3 c6 8. e4
e5 9. dxe5 dxe5 10. Qe2 Qe7 11. Rd1 Re8 12. b3 Nf8 13. h3 b6 14. Bb2 1/2-1/2

[Event "LLO18/19"]
[Site "Mecklenburg-Vorpommern"]
[Date "2019.03.24"]
[Round "8.3"]
[White "Floegel, Thomas"]
[Black "Wiese, Frank"]
[Result "1-0"]
[WhiteElo "1695"]
[BlackElo "1899"]
[PlyCount "53"]
[EventDate "2018.??.??"]
[EventType "team-tourn"]
[EventRounds "9"]
[EventCountry "GER"]
[WhiteTeam "Ribnitz-Damgarten"]
[BlackTeam "Waterkant Saal"]
[WhiteTeamCountry "GER"]
[BlackTeamCountry "GER"]

1. d4 d5 2. c4 c6 3. e3 Nf6 4. Nf3 Bg4 5. Be2 e6 6. Nbd2 Be7 7. O-O O-O 8. a3
Nbd7 9. b4 a5 10. b5 dxc4 11. bxc6 bxc6 12. Nxc4 c5 13. Bb2 cxd4 14. Nxd4 Bxe2
15. Qxe2 Rc8 16. Rfd1 Qc7 17. Rac1 a4 18. Ne5 Qb7 19. Ndc6 Nxe5 20. Nxe5 Nd5
21. e4 Rxc1 22. Rxc1 Nf4 23. Qc2 Qb5 24. Rb1 Rb8 25. Nc6 Re8 26. Nxe7+ Rxe7 27.
Be5 1-0

[Event "LLO18/19"]
[Site "Mecklenburg-Vorpommern"]
[Date "2019.03.24"]
[Round "8.4"]
[White "Onasch, Gunnar"]
[Black "Dittschlag, Lothar"]
[Result "1-0"]
[WhiteElo "1802"]
[BlackElo "1630"]
[PlyCount "79"]
[EventDate "2018.??.??"]
[EventType "team-tourn"]
[EventRounds "9"]
[EventCountry "GER"]
[WhiteTeam "Waterkant Saal"]
[BlackTeam "Ribnitz-Damgarten"]
[WhiteTeamCountry "GER"]
[BlackTeamCountry "GER"]

{[%evp 0,79,16,28,30,-16,-16,-29,-7,-31,-10,-10,-3,-10,-4,-18,12,-47,7,-8,-3,4,
35,1,20,6,11,0,42,-21,16,18,53,24,25,9,13,14,18,17,-7,17,-12,-22,-25,-22,-1,
-82,-75,-75,19,-26,22,22,47,-3,65,-30,-28,-53,-42,-165,-174,-175,0,-61,-90,
-159,-76,-107,-91,-75,-39,-176,0,-144,-223,-221,38,0,92,92]} 1. d4 e6 2. c4 Nf6
3. Nc3 Bb4 4. a3 Bxc3+ 5. bxc3 O-O 6. Bg5 d5 7. e3 h6 8. Bh4 Nbd7 9. Nf3 c6 10.
Qc2 Qa5 11. Bd3 dxc4 12. Bxc4 Nb6 13. Ba2 Nfd5 14. Rc1 Qxa3 15. Bb1 g6 16. Ne5
Ne7 17. O-O Nf5 18. Bg3 Qe7 19. e4 Nxg3 20. fxg3 Nd7 21. Nxd7 Bxd7 22. e5 c5
23. Rf6 cxd4 24. Qd2 Kg7 25. cxd4 Rfc8 26. Rcf1 Be8 27. R6f4 Rc7 28. Rh4 Qg5
29. Rhf4 Rac8 30. h4 Qxg3 31. h5 Qg5 32. hxg6 fxg6 33. Qb4 Qe7 34. Qd2 Qg5 35.
Qb2 b6 36. d5 Rf7 37. Rf6 Qe3+ 38. Kh1 Rfc7 39. Qb4 Qc5 40. Qg4 {ZÜ} 1-0

[Event "LLO18/19"]
[Site "Mecklenburg-Vorpommern"]
[Date "2019.03.24"]
[Round "8.5"]
[White "Klugmann, Horst"]
[Black "Richter, Frank"]
[Result "1/2-1/2"]
[WhiteElo "1631"]
[BlackElo "1754"]
[PlyCount "33"]
[EventDate "2018.??.??"]
[EventType "team-tourn"]
[EventRounds "9"]
[EventCountry "GER"]
[WhiteTeam "Ribnitz-Damgarten"]
[BlackTeam "Waterkant Saal"]
[WhiteTeamCountry "GER"]
[BlackTeamCountry "GER"]

1. d4 Nf6 2. c4 e6 3. Nc3 Bb4 4. e3 b6 5. Bd3 Bb7 6. Nf3 c5 7. dxc5 Bxc3+ 8.
bxc3 bxc5 9. O-O Qc7 10. Re1 Nc6 11. e4 Ng4 12. h3 Nge5 13. Nxe5 Qxe5 14. Qe2
Qc7 15. Qg4 Rg8 16. e5 g6 17. f4 1/2-1/2

[Event "LLO18/19"]
[Site "Mecklenburg-Vorpommern"]
[Date "2019.03.24"]
[Round "8.6"]
[White "Nickel, Reimo"]
[Black "Wehrmann, Horst"]
[Result "1-0"]
[WhiteElo "1710"]
[BlackElo "1620"]
[PlyCount "121"]
[EventDate "2018.??.??"]
[EventType "team-tourn"]
[EventRounds "9"]
[EventCountry "GER"]
[WhiteTeam "Waterkant Saal"]
[BlackTeam "Ribnitz-Damgarten"]
[WhiteTeamCountry "GER"]
[BlackTeamCountry "GER"]

1. d4 f5 2. Nf3 e6 3. c4 c6 4. b3 d5 5. e3 Nf6 6. Bd3 Bd6 7. O-O O-O 8. Ba3
Bxa3 9. Nxa3 Nbd7 10. Nb1 Ne4 11. Nbd2 b6 12. Qc2 Ba6 13. cxd5 Bxd3 14. Qxd3
cxd5 15. Rac1 Rc8 16. Rc2 Rxc2 17. Qxc2 Qb8 18. Rc1 Nd6 19. Qc7 Rc8 20. Qxb8
Nxb8 21. Rxc8+ Nxc8 22. Ng5 e5 23. dxe5 h6 24. Ne6 Kf7 25. Nc7 Ne7 26. Nb1 Nbc6
27. Nc3 Nxe5 28. N7xd5 Nxd5 29. Nxd5 Ke6 30. Nc7+ Kd7 31. Nb5 a6 32. Nd4 g6 33.
Kf1 Kd6 34. Ke2 Kd5 35. Nf3 Nc6 36. a3 b5 37. Kd3 a5 38. Nd4 Ne5+ 39. Kc3 Kc5
40. b4+ axb4+ 41. axb4+ Kb6 42. f3 h5 43. h3 h4 44. Ne6 Kc6 45. f4 Nf7 46. Kd4
Kd6 47. Ng5 Nd8 48. Nf3 Ne6+ 49. Kd3 Kd5 50. Nxh4 Nf8 51. g4 Ke6 52. Kd4 fxg4
53. hxg4 g5 54. fxg5 Nd7 55. e4 Ne5 56. g6 Nxg4 57. g7 Nf6 58. e5 Ng8 59. Ke4
Kf7 60. Nf5 Ke6 61. Nd6 1-0

[Event "LLO18/19"]
[Site "Mecklenburg-Vorpommern"]
[Date "2019.03.24"]
[Round "8.7"]
[White "Zierke, Udo"]
[Black "Ehmann, Roland"]
[Result "0-1"]
[WhiteElo "1624"]
[BlackElo "1632"]
[PlyCount "80"]
[EventDate "2018.??.??"]
[EventType "team-tourn"]
[EventRounds "9"]
[EventCountry "GER"]
[WhiteTeam "Ribnitz-Damgarten"]
[BlackTeam "Waterkant Saal"]
[WhiteTeamCountry "GER"]
[BlackTeamCountry "GER"]

{[%evp 0,80,28,18,69,74,52,24,24,43,10,-1,-13,-15,6,-15,17,22,29,5,30,32,59,
-26,37,43,20,14,58,40,50,50,47,49,49,43,43,-41,-18,-80,-73,-76,-65,-66,-92,-70,
-60,-63,-52,-47,-58,-69,-45,-106,-66,-102,-88,-111,-118,-143,-83,-125,-63,-82,
-2,-219,-289,-289,-295,-295,-262,-272,-248,-243,-304,-661,-743,-830,-948,-1037,
-1197,-29995,-29996]} 1. e4 c5 2. Nf3 Nc6 3. d4 cxd4 4. Nxd4 e5 5. Nb3 Nf6 6.
Bd3 Be7 7. Nc3 O-O 8. O-O Nb4 9. Be2 d6 10. a3 Nc6 11. Bg5 a6 12. Qd3 Be6 13.
Be3 Re8 14. Nd5 Bxd5 15. exd5 e4 16. Qd2 Ne5 17. Qd4 Qd7 18. f4 exf3 {e.p.} 19.
Bxf3 Rac8 20. Rac1 Rc4 21. Qd1 Nfg4 22. Bxg4 Rxg4 23. Bf4 Bf6 24. Rb1 Ng6 25.
Bg3 h5 26. Re1 Ne5 27. Qe2 h4 28. Bxe5 Rxe5 29. Qf3 Reg5 30. Re2 h3 31. g3 Be5
32. Re4 Rxg3+ 33. hxg3 Rxg3+ 34. Qxg3 Bxg3 35. Nd4 f5 36. Re3 Be5 37. Nf3 f4
38. Nxe5 dxe5 39. Rxh3 Qxh3 40. d6 f3 0-1

[Event "LLO18/19"]
[Site "Mecklenburg-Vorpommern"]
[Date "2019.03.24"]
[Round "8.8"]
[White "Nickel, Udo"]
[Black "Ochei, Victor"]
[Result "1/2-1/2"]
[WhiteElo "1604"]
[BlackElo "1377"]
[PlyCount "72"]
[EventDate "2018.??.??"]
[EventType "team-tourn"]
[EventRounds "9"]
[EventCountry "GER"]
[WhiteTeam "Waterkant Saal"]
[BlackTeam "Ribnitz-Damgarten"]
[WhiteTeamCountry "GER"]
[BlackTeamCountry "GER"]

1. d4 g6 2. c4 Bg7 3. Nc3 e5 4. d5 d6 5. e4 Ne7 6. Bd3 O-O 7. Nge2 f5 8. Bg5 a6
9. h4 h6 10. Bxe7 Qxe7 11. f4 fxe4 12. Bxe4 exf4 13. Bxg6 Bg4 14. Qc2 Qe3 15.
Qd3 Bxc3+ 16. bxc3 Qxd3 17. Bxd3 Nd7 18. Kd2 Rae8 19. Rhf1 f3 20. gxf3 Bxf3 21.
Nd4 Bg4 22. Rae1 Ne5 23. Rxf8+ Rxf8 24. Rf1 Rxf1 25. Bxf1 Nf3+ 26. Nxf3 Bxf3
27. Ke3 Bg4 28. Bd3 Kf7 29. Kf4 Bd7 30. a3 Kf6 31. Be2 c6 32. Bf3 c5 33. Be2 b5
34. cxb5 Bxb5 35. c4 Bd7 36. Bd3 Bc8 1/2-1/2

[Event "LLO18/19"]
[Site "Mecklenburg-Vorpommern"]
[Date "2019.03.24"]
[Round "8.1"]
[White "Schamber, Dennis"]
[Black "Rickmann, Niklas"]
[Result "0-1"]
[WhiteElo "1770"]
[BlackElo "1688"]
[PlyCount "76"]
[EventDate "2018.??.??"]
[EventType "team-tourn"]
[EventRounds "9"]
[EventCountry "GER"]
[WhiteTeam "Makkabi Rostock"]
[BlackTeam "FHSG Stralsund II"]
[WhiteTeamCountry "GER"]
[BlackTeamCountry "GER"]

1. d4 Nf6 2. c4 g6 3. Nc3 Bg7 4. e4 d6 5. f3 O-O 6. Bg5 Na6 7. Qd2 c5 8. d5 Nc7
9. Bh6 Nfe8 10. Bxg7 Nxg7 11. Bd3 f5 12. Nge2 fxe4 13. Nxe4 Bf5 14. N2c3 a6 15.
O-O e6 16. dxe6 Ngxe6 17. Rad1 Nd4 18. Ne2 Nce6 19. g4 Bxe4 20. Bxe4 Nxe2+ 21.
Qxe2 Nd4 22. Rxd4 cxd4 23. Bxb7 Rb8 24. Bxa6 Qf6 25. b3 Rbe8 26. Qd2 Re3 27.
Bb7 Qf4 28. Rf2 h5 29. gxh5 Rf5 30. Rg2 Rg5 31. Bd5+ Kg7 32. hxg6 Qh4 33. Kf1
Rxg2 34. Kxg2 Qg5+ 35. Kh1 Qe5 (35... d3 36. Be4 Qf4 37. Qc3+ Qf6 $19) 36. Be4
Qf6 37. b4 $4 (37. h3 $18) 37... Rxe4 38. fxe4 Qf1# 0-1

[Event "LLO18/19"]
[Site "Mecklenburg-Vorpommern"]
[Date "2019.03.24"]
[Round "8.2"]
[White "Sparr, Andreas"]
[Black "Reznik, Leonid"]
[Result "0-1"]
[WhiteElo "1604"]
[BlackElo "1879"]
[PlyCount "60"]
[EventDate "2018.??.??"]
[EventType "team-tourn"]
[EventRounds "9"]
[EventCountry "GER"]
[WhiteTeam "FHSG Stralsund II"]
[BlackTeam "Makkabi Rostock"]
[WhiteTeamCountry "GER"]
[BlackTeamCountry "GER"]

1. e4 c5 2. Nf3 e6 3. d3 Nc6 4. Nc3 g6 5. Bg5 Qc7 6. Qc1 Bg7 7. Be2 Nge7 8. O-O
a6 9. Bh6 O-O 10. Bxg7 Kxg7 11. Na4 d6 12. b3 b5 13. Nc3 Bb7 14. Qf4 Nd4 15.
Qc1 Rac8 16. Re1 b4 17. Nd1 d5 18. Nd2 Qe5 19. f3 Nxc2 20. Qxc2 Qxa1 21. Kf1
Qe5 22. g3 Qd6 23. Ne3 f5 24. Qb2+ Kg8 25. e5 Qc7 26. f4 Nc6 27. Nf3 h6 28. Rc1
Qe7 29. Ke1 Na7 30. Bf1 d4 0-1